Quizzes
Events
Quiz Creation
Community
Videos
Private Events
Remove Ads
Sign In
Join for FREE
Feedback
Dark Mode
Quiz Categories
Sports
Geography
Music
Movies
Television
Just For Fun
Miscellaneous
History
Literature
Language
Science
Gaming
Entertainment
Religion
Holiday
For Kids
Quiz Lab
Recent
Popular Today
Quiz Kudos Today
Editor Picks
Curator Picks
Quizzes by...
Day
Popularity
Type
Ratings
Length
Year
Community
Subscriptions
Recent Discussions
Orange Saloon
Badges
Playlists
Quests
Create
Leaderboards
Showdown
Live 5
Trivia Bingo
Activity
Puzzle Library
Sporcle Events
Private Events
Virtual Trivia
Globe League
Become a Host
Pub Owners
SporcleCon
Opinionation
Our Games
Videos
Blog
Mobile Apps
Partnerships
Remove Ads and Go Orange
Feedback
Sports
Athletes
MLB
NBA
NHL
NFL
Soccer
Sports Teams
WWE
NCAA
Football
Premier League
Basketball
Baseball
Hockey
Golf
Tennis
Cricket
Rugby
Auto Racing
Olympics
World Cup
Sports
Athletes
MLB
NBA
NHL
NFL
Soccer
Sports Teams
WWE
NCAA
Football
Premier League
Basketball
Baseball
Hockey
Golf
Tennis
Cricket
Rugby
Auto Racing
Olympics
World Cup
Random Quiz
Search Sporcle
×
Quiz Lab
Quiz Lab
Sports
WWE
Type in answers that appear in a list
Type in answers that appear in a list
Classic
Best Score? Go Orange.
IWGP Heavyweight Title Challengers Stats
Can you name the IWGP Heavyweight Title Challengers?
By
CobraKai
10m
231 Questions
118 Plays
118 Plays
118 Plays
Comments
Comments
Give Quiz Kudos
Give Quiz Kudos
-
- Ratings
hide this ad
More Info
Replay
Link that replays current quiz
Next Quiz
Link to next quiz in quiz playlist
You Got
0%
They Got
Avg Score
70%
Avg Friend Score
Upgrade to see
Score Distribution
Jump to the score distribution portion of the page
Score
0/231
Timer
10:00
0
Plays Today
Champion
Challenger
% Correct
Tatsumi Fujinami (1)
Big Van Vader
96.6%
Tatsumi Fujinami (2)
Big Van Vader
96.6%
Riki Choshu (1)
Big Van Vader
96.6%
Tatsumi Fujinami (3)
Big Van Vader
96.6%
Kazuchika Okada (3)
Tetsuya Naito
95.8%
Tetsuya Naito (1)
Kazuchika Okada
95.8%
Riki Choshu (2)
Tatsumi Fujinami
94.9%
Big Van Vader (3)
Tatsumi Fujinami
94.9%
Shinya Hashimoto (1)
Tatsumi Fujinami
94.9%
Kensuke Sasaki (1)
Tatsumi Fujinami
94.9%
Hiroyoshi Tenzan (1)
Shinsuke Nakamura
94.9%
Bob Sapp
Shinsuke Nakamura
94.9%
Kazuyuki Fujita (2)
Hiroshi Tanahashi
94.9%
Kensuke Sasaki (5)
Hiroshi Tanahashi
94.9%
Satoshi Kojima (1)
Shinsuke Nakamura
94.9%
Brock Lesnar
Shinsuke Nakamura
94.9%
Hiroshi Tanahashi (1)
Shinsuke Nakamura
94.9%
Yuji Nagata (2)
Hiroshi Tanahashi
94.9%
Hiroshi Tanahashi (2)
Shinsuke Nakamura
94.9%
Shinsuke Nakamura (2)
Hiroshi Tanahashi
94.9%
Keiji Muto (4)
Shinsuke Nakamura
94.9%
Keiji Muto (4)
Hiroshi Tanahashi
94.9%
Hiroshi Tanahashi (3)
Shinsuke Nakamura
94.9%
Manabu Nakanishi
Hiroshi Tanahashi
94.9%
Shinsuke Nakamura (3)
Hiroshi Tanahashi
94.9%
Togi Makabe
Shinsuke Nakamura
94.9%
Satoshi Kojima (2)
Shinsuke Nakamura
94.9%
Satoshi Kojima (2)
Hiroshi Tanahashi
94.9%
Hiroshi Tanahashi (5)
Shinsuke Nakamura
94.9%
Hiroshi Tanahashi (5)
Shinsuke Nakamura
94.9%
Kazuchika Okada (1)
Hiroshi Tanahashi
94.9%
Kazuchika Okada (2)
Hiroshi Tanahashi
94.9%
Kazuchika Okada (2)
AJ Styles
94.9%
AJ Styles (1)
Hiroshi Tanahashi
94.9%
Hiroshi Tanahashi (7)
AJ Styles
94.9%
Kazuchika Okada (3)
AJ Styles
94.9%
Kazuchika Okada (3)
Hiroshi Tanahashi
94.9%
Shinya Hashimoto (1)
Keiji Muto
94.1%
Shinya Hashimoto (2)
Keiji Muto
94.1%
Shinya Hashimoto (3)
Keiji Muto
94.1%
Kensuke Sasaki (1)
Keiji Muto
94.1%
Scott Norton (1)
Keiji Muto
94.1%
Kensuke Sasaki (2)
Great Muta
94.1%
Shinsuke Nakamura (2)
Keiji Muto
94.1%
Riki Choshu (3)
Great Muta
93.2%
Shinya Hashimoto (2)
Hiroyoshi Tenzan
93.2%
Keiji Muto (2)
Hiroyoshi Tenzan
93.2%
Shinya Hashimoto (3)
Hiroyoshi Tenzan
93.2%
Tatsumi Fujinami (6)
Hiroyoshi Tenzan
93.2%
Scott Norton (1)
Hiroyoshi Tenzan
93.2%
Tadao Yasuda
Hiroyoshi Tenzan
93.2%
Yoshihiro Takayama
Hiroyoshi Tenzan
93.2%
Yoshihiro Takayama
Hiroyoshi Tenzan
93.2%
Kensuke Sasaki (5)
Hiroyoshi Tenzan
93.2%
Satoshi Kojima (1)
Hiroyoshi Tenzan
93.2%
Hiroshi Tanahashi (1)
Hiroyoshi Tenzan
93.2%
Antonio Inoki
Riki Choshu
92.4%
Tatsumi Fujinami (1)
Riki Choshu
92.4%
Tatsumi Fujinami (2)
Riki Choshu
92.4%
Salman Hashimikov
Riki Choshu
92.4%
Big Van Vader (2)
Riki Choshu
92.4%
Tatsumi Fujinami (4)
Riki Choshu
92.4%
Shinya Hashimoto (1)
Power Warrior
92.4%
Shinya Hashimoto (2)
Riki Choshu
92.4%
Shinya Hashimoto (2)
Power Warrior
92.4%
Shinya Hashimoto (2)
Kensuke Sasaki
92.4%
Shinya Hashimoto (3)
Riki Choshu
92.4%
Shinya Hashimoto (3)
Kensuke Sasaki
92.4%
Keiji Muto (3)
Kensuke Sasaki
92.4%
Genichiro Tenryu
Kensuke Sasaki
92.4%
Yuji Nagata (1)
Kensuke Sasaki
92.4%
Hiroyoshi Tenzan (2)
Kensuke Sasaki
92.4%
Kazuyuki Fujita (3)
Brock Lesnar
92.4%
Hiroshi Tanahashi (5)
Kazuchika Okada
92.4%
Hiroshi Tanahashi (6)
Kazuchika Okada
92.4%
Hiroshi Tanahashi (6)
Kazuchika Okada
92.4%
AJ Styles (1)
Kazuchika Okada
92.4%
Champion
Challenger
% Correct
AJ Styles (1)
Kazuchika Okada
92.4%
Hiroshi Tanahashi (7)
Kazuchika Okada
92.4%
AJ Styles (2)
Kazuchika Okada
92.4%
Kazuyuki Fujita (2)
Kensuke Sasaki
91.5%
Riki Choshu (3)
Scott Norton
90.7%
Shinya Hashimoto (1)
Scott Norton
90.7%
Shinya Hashimoto (2)
Scott Norton
90.7%
Scott Norton (1)
Yuji Nagata
90.7%
Kensuke Sasaki (3)
Scott Norton
90.7%
Kazuyuki Fujita (1)
Yuji Nagata
90.7%
Tadao Yasuda
Yuji Nagata
90.7%
Tadao Yasuda
Yuji Nagata
90.7%
Hiroyoshi Tenzan (4)
Scott Norton
90.7%
Hiroshi Tanahashi (1)
Yuji Nagata
90.7%
Shinsuke Nakamura (3)
Yuji Nagata
90.7%
Hiroshi Tanahashi (5)
Yuji Nagata
90.7%
Hiroshi Tanahashi (5)
Yuji Nagata
90.7%
Yuji Nagata (2)
Togi Makabe
89%
Keiji Muto (4)
Togi Makabe
89%
Shinsuke Nakamura (3)
Togi Makabe
89%
Shinsuke Nakamura (3)
Togi Makabe
89%
Hiroshi Tanahashi (6)
Togi Makabe
89%
Kazuchika Okada (2)
Togi Makabe
89%
Scott Norton (2)
Kazuyuki Fujita
88.1%
Yuji Nagata (1)
Kazuyuki Fujita
88.1%
Hiroyoshi Tenzan (4)
Kazuyuki Fujita
88.1%
Tatsumi Fujinami (2)
Antonio Inoki
87.3%
Shinya Hashimoto (3)
Satoshi Kojima
87.3%
Keiji Muto (3)
Satoshi Kojima
87.3%
Kensuke Sasaki (2)
Satoshi Kojima
87.3%
Hiroyoshi Tenzan (3)
Satoshi Kojima
87.3%
Hiroshi Tanahashi (5)
Satoshi Kojima
87.3%
Kazuchika Okada (2)
Satoshi Kojima
87.3%
Togi Makabe
Satoshi Kojima
87.3%
Great Muta (Keiji Muto) (1)
Scott Norton
86.4%
Kensuke Sasaki (4)
Bob Sapp
86.4%
Big Van Vader (1)
Shinya Hashimoto
85.6%
Big Van Vader (2)
Shinya Hashimoto
85.6%
Big Van Vader (2)
Stan Hansen
85.6%
Big Van Vader (2)
Stan Hansen
85.6%
Riki Choshu (2)
Shinya Hashimoto
85.6%
Great Muta (Keiji Muto) (1)
Shinya Hashimoto
85.6%
Great Muta (Keiji Muto) (1)
Shinya Hashimoto
85.6%
Tatsumi Fujinami (5)
Shinya Hashimoto
85.6%
Keiji Muto (2)
Nobuhiko Takada
85.6%
Keiji Muto (2)
Nobuhiko Takada
85.6%
Nobuhiko Takada
Shinya Hashimoto
85.6%
Tatsumi Fujinami (6)
Shinya Hashimoto
85.6%
Scott Norton (1)
Shinya Hashimoto
85.6%
Keiji Muto (3)
Genichiro Tenryu
82.2%
Keiji Muto (3)
Genichiro Tenryu
82.2%
Hiroyoshi Tenzan (2)
Genichiro Tenryu
82.2%
Yuji Nagata (1)
Yoshihiro Takayama
80.5%
Yuji Nagata (1)
Yoshihiro Takayama
80.5%
Shinsuke Nakamura (1)
Yoshihiro Takayama
80.5%
Shinsuke Nakamura (3)
Yoshihiro Takayama
80.5%
Kazuchika Okada (3)
Hirooki Goto
79.2%
Tetsuya Naito (1)
Tomohiro Ishii
79.2%
Hiroshi Tanahashi (6)
Masato Tanaka
77.1%
Yuji Nagata (1)
Tadao Yasuda
76.3%
Big Van Vader (1)
Salman Hashimikov
72.9%
Keiji Muto (3)
Manabu Nakanishi
71.2%
Kensuke Sasaki (2)
Manabu Nakanishi
71.2%
Yuji Nagata (1)
Manabu Nakanishi
71.2%
Keiji Muto (4)
Manabu Nakanishi
71.2%
Hiroshi Tanahashi (3)
Manabu Nakanishi
71.2%
Shinsuke Nakamura (3)
Manabu Nakanishi
71.2%
Kazuchika Okada (4)
Naomichi Marufuji
70.8%
Tatsumi Fujinami (4)
Ric Flair
68.6%
Shinya Hashimoto (3)
Ric Flair
68.6%
Shinsuke Nakamura (2)
Kurt Angle
67.8%
Hiroshi Tanahashi (3)
Kurt Angle
67.8%
Tatsumi Fujinami (4)
Masahiro Chono
66.9%
Tatsumi Fujinami (4)
Masahiro Chono
66.9%
Riki Choshu (3)
Masahiro Chono
66.9%
Great Muta (Keiji Muto) (1)
Masahiro Chono
66.9%
Shinya Hashimoto (1)
Masahiro Chono
66.9%
Champion
Challenger
% Correct
Shinya Hashimoto (2)
Masahiro Chono
66.9%
Kensuke Sasaki (1)
Masahiro Chono
66.9%
Tatsumi Fujinami (6)
Masahiro Chono
66.9%
Yuji Nagata (1)
Masahiro Chono
66.9%
Yoshihiro Takayama
Masahiro Chono
66.9%
Yoshihiro Takayama
Masahiro Chono
66.9%
Kazuyuki Fujita (3)
Masahiro Chono
66.9%
Hiroshi Tanahashi (5)
Tetsuya Naito
64.4%
Kazuchika Okada (1)
Tetsuya Naito
64.4%
Kazuchika Okada (2)
Tetsuya Naito
64.4%
Hiroshi Tanahashi (6)
Karl Anderson
61.9%
Kazuchika Okada (2)
Karl Anderson
61.9%
Hiroyoshi Tenzan (2)
Minoru Suzuki
61%
Kensuke Sasaki (5)
Minoru Suzuki
61%
Hiroshi Tanahashi (5)
Minoru Suzuki
61%
Hiroshi Tanahashi (6)
Minoru Suzuki
61%
Kazuchika Okada (2)
Minoru Suzuki
61%
Riki Choshu (3)
Keiji Muto
55.9%
Kazuchika Okada (2)
Prince Devitt
55.9%
Great Muta (Keiji Muto) (1)
Sting
55.1%
Hiroshi Tanahashi (2)
Hirooki Goto
53.4%
Keiji Muto (4)
Hirooki Goto
53.4%
Hiroshi Tanahashi (3)
Hirooki Goto
53.4%
Shinsuke Nakamura (3)
Hirooki Goto
53.4%
Hiroshi Tanahashi (5)
Hirooki Goto
53.4%
Kazuchika Okada (1)
Hirooki Goto
53.4%
Kazuchika Okada (2)
Hirooki Goto
53.4%
Brock Lesnar
Giant Bernard
52.5%
Hiroshi Tanahashi (1)
Giant Bernard
52.5%
Hiroshi Tanahashi (5)
Giant Bernard
52.5%
AJ Styles (2)
Kota Ibushi
50.8%
Togi Makabe
Masato Tanaka
43.2%
Kazuyuki Fujita (2)
Katsuyori Shibata
41.5%
AJ Styles (1)
Michael Elgin
41.5%
Shinya Hashimoto (2)
Hiroshi Hase
39%
Kensuke Sasaki (3)
Toshiaki Kawada
39%
Antonio Inoki
Masa Saito
36.4%
Antonio Inoki
Steve Williams
34.7%
Keiji Muto (2)
Hawk Warrior
34.7%
Hiroshi Tanahashi (6)
Naomichi Marufuji
34.7%
Hiroshi Tanahashi (5)
Toru Yano
33.9%
Antonio Inoki
Crusher Bam Bam Bigelow
33.1%
Tatsumi Fujinami (2)
Crusher Bam Bam Bigelow
33.1%
Big Van Vader (2)
Crusher Bam Bam Bigelow
33.1%
Hiroshi Tanahashi (6)
Yujiro Takahashi
32.2%
Kensuke Sasaki (2)
Takashi Iizuka
28.8%
Brock Lesnar
Akebono
27.1%
Kensuke Sasaki (3)
Shinjiro Otani
26.3%
Shinsuke Nakamura (3)
Shinjiro Otani
26.3%
Togi Makabe
Go Shiozaki
24.6%
Hiroshi Tanahashi (1)
Taiyo Kea
23.7%
Shinya Hashimoto (2)
Yoshiaki Fujiwara
22.9%
Hiroshi Tanahashi (1)
Koji Kanemoto
22.9%
Tatsumi Fujinami (2)
Jerry Lawler
22%
Great Muta (Keiji Muto) (1)
Great Kabuki
21.2%
Keiji Muto (2)
Shiro Koshinaka
20.3%
Nobuhiko Takada
Shiro Koshinaka
20.3%
Shinya Hashimoto (3)
Naoya Ogawa
20.3%
Yuji Nagata (2)
Shiro Koshinaka
20.3%
Hiroshi Tanahashi (5)
Charlie Haas
19.5%
Tatsumi Fujinami (2)
Kerry Von Erich
18.6%
Kensuke Sasaki (1)
Osamu Nishimura
18.6%
Yuji Nagata (1)
Osamu Nishimura
18.6%
Shinya Hashimoto (2)
Steven Regal
17.8%
Keiji Muto (3)
Don Frye
17.8%
Kensuke Sasaki (2)
Don Frye
17.8%
Kazuyuki Fujita (1)
Don Frye
17.8%
Riki Choshu (3)
Super Strong Machine
16.9%
Keiji Muto (2)
Junji Hirata
16.9%
Tatsumi Fujinami (2)
Vicious Warrior
15.3%
Yuji Nagata (1)
Josh Barnett
15.3%
Antonio Inoki
Dick Murdoch
14.4%
Shinya Hashimoto (3)
Kazuo Yamazaki
13.6%
Hiroshi Tanahashi (4)
Takashi Sugiura
12.7%
Yuji Nagata (1)
Kazunari Murakami
11.9%
Yuji Nagata (1)
Bas Rutten
9.3%
Tatsumi Fujinami (2)
Tommy Lane
8.5%
Quiz Playlist
Details
Report
Send in Message
Add To Playlist
More Info:
* After date: Denotes title change ** After date: Denotes decision match (vacant title) *** After date: Title defended in triple threat match
Classic:
Type in answers that appear in a list
Quiz Source
Last Updated: Feb 16, 2017
Quiz Scoreboard
CHALLENGE
Sign Up to Join the Scoreboard
Show All
Scores
Hide
Comments
May contain spoilers
Recently Published
Popular People in 1961
by mucciniale
History
6m
1-10 Letter E Words III
by El_Dandy
Language
2m
One Thing in Common: World Cities II
by knightlancer
Geography
7m
More to Explore
Quiz From the Vault
Featured Blog Post
Where Did the Easter Bunny Come From?
hide this ad
You Might Also Like...
Tags
WWE Quiz
Pro Wrestling
Wrestling Champions
Today's Top Quizzes in Sports
Browse Sports
hide this ad
Today's Top Quizzes in WWE
Browse WWE
Top Contributed Quizzes in Sports
1
Les meilleurs buteurs des matchs entre le PSG et l’OM
2
Les entraîneurs de l'OM et du PSG au 21e siècle
3
2022 World Cup Stars
4
FIFA Club World Cup Champions
5
Name the Premier League winners with different clubs
6
La finale Lions - Afrique du Sud 2021
7
Criteria MLB: Left Handed Sluggers
8
Players with Multiple 50 Home Run Seasons
9
MLB Players with Two .350 Batting Average Seasons
10
MLB Hall of Famer by Rings
Explore More
Trending Topics
Harry Potter
NBA
Crossword
Kpop
Anime
Marvel
Disney
WWE
Pokémon
Song
The Office
Soccer
NFL
Puzzle
Country
hide this ad
More By:
CobraKai
Quiz
Plays
Rating
Category
Featured
Created
Mixed Word: Street Fighter
536
4.33
Just For Fun
Dec 29, 2016
IWGP Heavyweight Title Challengers
118
5.00
Sports
Feb 6, 2016
Champion of STRONGEST-K
2
Sports
Feb 4, 2013
Go to Creator's Profile
Score Distribution
Quiz Creator Spotlight
CobraKai
Follow
Send a Message
Quizzes Created
-
Created Quiz Play Count
-
More By This Creator
Popular Quizzes Today
1
Find the US States - No Outlines Minefield
2
The Countries of the World
3
Find the Countries of Europe - No Outlines Minefield
4
Popular People in 1961
5
1-10 Letter E Words III
6
Find the US States
7
One Thing in Common: World Cities II
8
US States
More Sports Quizzes
Euro 2004 Winners - Greece
Quiz Lab
Trending Quizzes
Risky Map Clicking: Least Populous States A-Z
1-10 Letter F Words
1-10 Letter G Words
One Thing in Common: United Kingdom
Risky Map Clicking: Next State Alphabetically
Recently Updated
Leaping Animals
pecheneg
Reality TV Shows (A-Z)
bhenderson79
Rickey Henderson's Hall of Fame Teammates
pecheneg
Champions League XIs: Arsenal
pecheneg
Quick Pick: Celebrities in WWE's Hall of Fame
aduchscher
A-Z Keypad Blitz II
pecheneg
Multiple Oscar Actors
pecheneg
Mystery Phrase Blitz: Oscar 'Best Actors'
pecheneg
F. Scott Fitzgerald Novels
LTH
Pick 3 Villains
ddd62291
Trending Topics
Kpop
Crossword
NBA
Disney
Anime
Marvel
Harry Potter
WWE
Song
Puzzle
Soccer
Pokémon
Country
The Office
NFL
Your Account Isn't Verified!
In order to create a playlist on Sporcle, you need to verify the email address you used during registration. Go to your
Sporcle Settings
to finish the process.
Report this User
Report this user for behavior that violates our
Community Guidelines
.
Details:
Send Report
Go to the Sporcle.com Mobile Site →
Comments